01596nam a2200373Ia 450000500170000000700030001700800410002002000180006104000350007904100080011408200200012208200190014210000370016124501640019825000220036226400440038430000630042833600270049133700330051833800280055149000220057950400410060152100420064265000340068465000420071865000320076065000420079270000480083470000480088294200120093099900150094295201340095795201310109120220317000338.0ta210831q2010 ck ao ser s spa d a9789587360110 aCO-BoRNBPbspaerdacCO-BoRNBP0 aspa04a635.04bD8722204aR 635.04bD87s1 aDurán Ramírez, Felipeeautor10aSeguridad alimentaria cultivando hortalizascFelipe Durán Ramírez ; revisión científica José Hilbar Mendoza A. ; fotografías Karen Liliana Guerrero aPrimera edición 1aBogotábGrupo Latino Editoresc[2010] a857 páginasbilustraciones, fotografías a colorc27 cm atextobtxt2rdacontent asin mediaciónbn2rdamedia avolumenbnc2rdacarrier0 aVolvamos al campo aIncluye referencias bibliográficas aRecomendado para un público adulto 17aHorticulturavManuales 2LEMB17aHorticulturaxCultivovManuales2LEMB17aHortalizas vManuales2LEMB17aSeguridad alimenticiavManuales2LEMB1 aMendoza A., José Hilbar erevisor91867981 aGuerrero, Karen Lilianaefotógrafa916936 2ddccBK c3791d3791 00102ddc40708GENaMECASARIbMECASARIcREFd2024-11-17l0o635.04 D87SpBM0000983r2024-11-17 20:18:38tEj.1w2024-11-17yBK 00102ddc40708GENaMEMAPJGAbMEMAPJGAcGENd2025-11-07l0o635.04 D87pMPJG00901r2025-11-07 19:33:32tEj.1w2025-11-07yBK